Statistics for Countries 2 Borders Away: Uruguay

Click here to take the quiz!

General Stats

  • This quiz has been taken 9 times
  • The average score is 8 of 9

Answer Stats

Country% Correct
Bolivia
100%
Chile
100%
Colombia
100%
Guyana
100%
Suriname
100%
Venezuela
100%
Paraguay
88%
Peru
88%
France
63%

Score Distribution

Percentile by Number Answered

Percent of People with Each Score

Your Score History

You have not taken this quiz